Sabaton - The War To End All Wars album songs - Statistics

General Stats
  • This quiz has been taken 35 times
  • The average score is 8 of 11
Answer Stats
Answer % Correct
3. Dreadnought
81%
11. Versailles
81%
5. Soldier Of Heaven
78%
8. Lady Of The Dark
74%
1. Sarajevo
70%
2. Stormtroopers
70%
6. Hellfighters
67%
10. Christmas Truce
63%
7. Race To The Sea
63%
9. The Valley Of Death
63%
4. The Unkillable Soldier
59%
No matching quizzes found
Score Distribution
Percent of People with Each Score
Percentile by Number Answered
Your Score History
You have not taken this quiz